000 00292nam a2200121 a 4500
001 4140
005 20140414132031.0
008 090218s19uu xx 00 eng d
050 _aTR
_bM28 2004
100 _aCousins, Lucy
245 _aMaisy's twinkly crinkly counting book.
999 _c113634
_d113634